Loading...
| History - European | 0 | 4 | 1 | 0 | 35 | 98 | 111.00 | 0 | 1 | 8.61 | 23.64 |
| Fine Arts - Classical Music and Opera | 2 | 0 | 0 | 0 | 30 | 29 | 31.50 | 2 | 2 | 12.19 | 15.38 |
| History - Other | 1 | 2 | 1 | 0 | 30 | 77 | 100.33 | 1 | 2 | 7.77 | 17.11 |
| History - American | 0 | 3 | 0 | 1 | 30 | 123 | 134.67 | 0 | 1 | 2.00 | 7.69 |
| Modern World | 0 | 2 | 0 | 1 | 20 | 124 | 129.00 | 0 | 0 | 2.54 | 8.25 |
| Literature - World | 0 | 2 | 0 | 0 | 20 | 122 | 129.50 | 0 | 0 | 2.57 | 9.56 |
| Science - Biology | 0 | 3 | 2 | 0 | 20 | 127 | 132.00 | 0 | 0 | 0.95 | 13.89 |
| Science - Chemistry | 0 | 2 | 0 | 1 | 20 | 117 | 125.50 | 0 | 0 | 1.83 | 6.67 |
| Mythology | 0 | 2 | 1 | 0 | 15 | 110 | 130.00 | 0 | 0 | 4.31 | 15.56 |
| Other Science (Astronomy) | 0 | 1 | 0 | 0 | 10 | 109 | 109.00 | 0 | 1 | 14.14 | 43.33 |
| Fine Arts - Painting and Sculpture | 0 | 1 | 0 | 0 | 10 | 112 | 112.00 | 0 | 1 | 1.40 | 6.67 |
| Other Science (Math) | 0 | 1 | 0 | 0 | 10 | 137 | 137.00 | 0 | 0 | 0.14 | 4.62 |
| Religion | 0 | 1 | 0 | 0 | 10 | 136 | 136.00 | 0 | 0 | 0.27 | 3.08 |
| Geography | 0 | 1 | 0 | 0 | 10 | 102 | 102.00 | 1 | 1 | 8.00 | 25.00 |
| Other Culture | 0 | 1 | 1 | 0 | 5 | 112 | 112.00 | 0 | 0 | 8.93 | 22.22 |
| Literature - British | 0 | 1 | 1 | 0 | 5 | 124 | 124.00 | 0 | 0 | 1.42 | 5.64 |
| Science - Physics | 0 | 1 | 1 | 0 | 5 | 133 | 133.00 | 0 | 0 | 0.33 | 2.42 |
| History - World | 0 | 2 | 3 | 0 | 5 | 117 | 124.50 | 0 | 0 | 2.11 | 8.72 |
| Literature - American | 0 | 0 | 0 | 0 | 0 | 0.00 | 0 | 0 | 0.00 | 0.00 | |
| Literature - European | 0 | 0 | 0 | 0 | 0 | 0.00 | 0 | 0 | 0.00 | 0.00 | |
| Other Science (Engineering) | 0 | 0 | 1 | 0 | -5 | 0.00 | 0 | 0 | 0.00 | 0.00 | |
| Social Science | 0 | 0 | 1 | 0 | -5 | 0.00 | 0 | 0 | 0.00 | 0.00 |